Кантоны Швейцарии по Фото - Statistics

General Stats
  • This quiz has been taken 7 times
  • The average score is 7 of 26
Answer Stats
Picture Answer % Correct
Берн
100%
Женева
67%
Цюрих
50%
Люцерн
33%
Базель-Штадт
33%
Тичино
33%
Во
33%
Санкт-Галлен
17%
Швиц
17%
Вале
17%
Невшатель
17%
Граубюнден
17%
Золотурн
17%
Базель-Ланд
17%
Ури
17%
Фрибур
17%
Гларус
17%
Нидвальден
17%
Аргау
17%
Аппенцелль-Ауссерроден
17%
Шаффхаузен
17%
Тургау
17%
Цуг
17%
Обвальден
17%
Юра
17%
Аппенцелль-Иннерроден
17%
No matching quizzes found
Score Distribution
Percent of People with Each Score
Percentile by Number Answered
Your Score History
You have not taken this quiz